Stav světa na přelomu tisíciletí : výběr z článků publikovaných v letech 1995-2001 /

Hlavní autor: Nováček, Pavel, 1961-
Jazyk: Čeština
Vydáno: Prostějov : Geoda, 2002
Vydání: Vyd. 1.
Témata:
Externí odkaz: Digitalizovaný dokument
Fyzický popis: 223 s. : il. ; 21 cm
Knihy
Uloženo v:
LEADER 01343nam a2200373 a 4500
001 000622356
003 CZ BrMZK
005 20100219132457.0
007 ta
008 020912s2002 xr f cze d
015 |a cnb001175272 
020 |a 80-903084-0-6 
035 |a (OCoLC)53274026 
040 |a BOA001  |b cze 
072 7 |a 502  |x Životní prostředí a jeho ochrana  |2 Konspekt  |9 2 
080 |a 316.422  |2 MRF 
080 |a 502/504  |2 MRF 
080 |a 502.131.1  |2 MRF 
080 |a (046)  |2 MRF 
080 |a (082)  |2 MRF 
100 1 |a Nováček, Pavel,  |d 1961-  |7 jn20000401884  |4 aut 
245 1 0 |a Stav světa na přelomu tisíciletí :  |b výběr z článků publikovaných v letech 1995-2001 /  |c Pavel Nováček 
250 |a Vyd. 1. 
260 |a Prostějov :  |b Geoda,  |c 2002 
300 |a 223 s. :  |b il. ;  |c 21 cm 
650 0 7 |a trvale udržitelný rozvoj  |7 ph126768  |2 czenas 
650 0 7 |a globalizace  |7 ph120568  |2 czenas 
650 0 7 |a životní prostředí  |7 ph135446  |2 czenas 
655 7 |a sborníky  |7 fd163935  |2 czenas 
655 7 |a články  |7 fd133976  |2 czenas 
856 4 1 |u http://www.digitalniknihovna.cz/mzk/uuid/uuid:5fc72b10-63dc-11e3-ae59-005056827e52  |y Digitalizovaný dokument  |x NDK 
910 |a BOA001  |b 2-1109.249 
990 |a BK 
996 6 |b 2610173395  |c 2-1109.249  |l MZK  |r Sklad / do 1 hodiny  |n 0  |p p.v.  |w 000622356  |u 000010  |a 1  |e BOA001  |j MZK50  |s P